000 00767nam a2200229Ia 4500
005 20250108124914.0
008 008 250107s9999 xx 000 0 pun d
020 _a978-81-969680-38
037 _aTB
040 _aCRL
_bpun
_cCRL
041 _apun
_2pun
084 _aO153,1NSIx R0
084 _qCRL
100 _aਰੰਜਨ, ਆਤਮਾ ਰਾਮ, ਲੇਖਕ
_9160765
245 0 _aਸੁਪਨਿਆਂ ਦੀ ਸਰਦਲ
_cਰੰਜਨ, ਆਤਮਾ ਰਾਮ, ਲੇਖਕ
260 _aਸਮਾਣਾ, ਭਾਰਤ
_bਸੰਗਮ ਪਬਲੀਕੇਸ਼ਨ
_c2616
300 _a126ਪ੍ਰ0
365 _aINR
_b250
650 _aਪੰਜਾਬੀ ਸਾਹਿਤ
942 _cTB
_hO153,1NSIx R0
999 _c1235004
_d1235004